000 00550nam a22002057a 4500
003 OSt
005 20180315135255.0
008 160907b xxu||||| |||| 00| 0 eng d
020 _a9780273793243
040 _cDDC
082 _a005.1 LIA 2014
100 _aLiang, Y. Daniel
_95600
245 _aItroduction to Programming with C++
250 _a3rd ed.
260 _aUpper Saddle River;
_bPearson,
_c2014
300 _a709p; col.ill: 26cm
504 _aAppendices & index included
650 _aComputer Programming
_94022
942 _2ddc
_cB_BANK
999 _c5172
_d5172